Gerontologi : (Record no. 187905)

MARC details
000 -LEADER
fixed length control field 01168pam a2200385 i 4500
001 - CONTROL NUMBER
control field vtls000938134
003 - CONTROL NUMBER IDENTIFIER
control field PNM
005 - DATE AND TIME OF LATEST TRANSACTION
control field 20220612122153.0
008 - FIXED-LENGTH DATA ELEMENTS--GENERAL INFORMATION
fixed length control field 210925t20212021my a g a001 0 may
015 ## - NATIONAL BIBLIOGRAPHY NUMBER
National bibliography number M211-03034
020 ## - INTERNATIONAL STANDARD BOOK NUMBER
International Standard Book Number 9789674881887
Qualifying information paperback
Terms of availability RM48.00
039 #9 - LEVEL OF BIBLIOGRAPHIC CONTROL AND CODING DETAIL [OBSOLETE]
Level of rules in bibliographic description 202201250855
Level of effort used to assign nonsubject heading access points sham
Level of effort used to assign subject headings 202112211606
Level of effort used to assign classification sazlan
Level of effort used to assign subject headings 202111301511
Level of effort used to assign classification hema
040 ## - CATALOGING SOURCE
Original cataloging agency BNM
Language of cataloging eng
Transcribing agency BNM
Description conventions rda
Modifying agency PPAK
049 ## - LOCAL HOLDINGS (OCLC)
Holding library mal
082 04 - DEWEY DECIMAL CLASSIFICATION NUMBER
Classification number 305.26
Edition number 23
090 00 - LOCALLY ASSIGNED LC-TYPE CALL NUMBER (OCLC); LOCAL CALL NUMBER (RLIN)
Classification number (OCLC) (R) ; Classification number, CALL (RLIN) (NR) 305.26
Feature heading NOR
Feature heading G
100 0# - MAIN ENTRY--PERSONAL NAME
Personal name Noralina Omar,
Relator term author.
245 10 - TITLE STATEMENT
Title Gerontologi :
Remainder of title Memahami Konteks Sosial Penuaan /
Statement of responsibility, etc. NORALINA OMAR
264 #1 - PRODUCTION, PUBLICATION, DISTRIBUTION, MANUFACTURE, AND COPYRIGHT NOTICE
Place of production, publication, distribution, manufacture Kuala Lumpur :
Name of producer, publisher, distributor, manufacturer Penerbit Universiti Malaya,
Date of production, publication, distribution, manufacture, or copyright notice 2021
Date of production, publication, distribution, manufacture, or copyright notice ©2021
300 ## - PHYSICAL DESCRIPTION
Extent xiv, 117 pages :
Other physical details illustrations ;
Dimensions 23 cm
336 ## - CONTENT TYPE
Content type term text
Source rdacontent
337 ## - MEDIA TYPE
Media type term unmediated
Source rdamedia
338 ## - CARRIER TYPE
Carrier type term volume
Source rdacarrier
500 ## - GENERAL NOTE
General note Includes index
504 ## - BIBLIOGRAPHY, ETC. NOTE
Bibliography, etc. note Bibliography: page 115-116
650 10 - SUBJECT ADDED ENTRY--TOPICAL TERM
Topical term or geographic name entry element Gerontology
Topical term or geographic name entry element Social gerontology
Topical term or geographic name entry element Older people
General subdivision Services for
Topical term or geographic name entry element Older people
General subdivision Care
Topical term or geographic name entry element Government publications
Geographic subdivision Malaysia
942 ## - ADDED ENTRY ELEMENTS (KOHA)
Source of classification or shelving scheme Dewey Decimal Classification
Koha item type Book
949 ## - LOCAL PROCESSING INFORMATION (OCLC)
6 2000759947
6 2000759946
Holdings
Withdrawn Not for loan Current library Shelving location Date acquired Full call number Barcode Date last seen Koha item type
    Perpustakaan Alor Setar Pinjaman Dewasa 04/07/2022 305.26 NOR A01734289 04/07/2022 Book
    Perpustakaan Awam Sungai Petani Pinjaman Dewasa 04/07/2022 305.26 NOR A01734290 04/07/2022 Book
    Perpustakaan Kulim Pinjaman Dewasa 04/07/2022 305.26 NOR A01734292 04/07/2022 Book
    Perpustakaan Langkawi Pinjaman Dewasa 04/07/2022 305.26 NOR A01734291 04/07/2022 Book